Statistics for #1 Hits i Norge i Løp av 1990-tallet Quiz

Click here to take the quiz!

General Stats

  • This quiz has been taken 43 times
  • The average score is 33 of 89

Answer Stats

#Artist/Band% Correct
1Britney Spears
92%
1Aqua
86%
1George Michael og Elton John
84%
1Spice Girls
84%
2Celine Dion
81%
2Elton John
81%
1Whitney Houston
73%
2Bruce Springsteen
70%
1Christina Aguilera
70%
1Backstreet Boys
68%
3Rednex
65%
1Shania Twain
65%
2Aerosmith
62%
3Bryan Adams
62%
1Bryan Adams, Rod Stewart og Sting
62%
1B-Real, Coolio, Method Man, LL Cool J og Busta Rhymes
59%
2Coolio
59%
2George Michael
59%
1No Doubt
59%
1Roxette
59%
1Madonna
57%
1Vengaboys
57%
1Scatman John
54%
1Sinéad O'Connor
54%
1Meat Loaf
51%
12pac
49%
1Boyzvoice
49%
2Cher
49%
1Espen Lind
49%
1Lene Marlin
46%
1Michael Jackson
46%
1Sissel Kyrkjebø
46%
1Lou Bega
43%
1Take That
43%
3U2
43%
1a-ha
41%
1Bjelleklang
38%
1Bloodhound Gang
38%
1Crash Test Dummies
38%
1Drömhus
38%
1Haddaway
38%
1Phil Collins
38%
1Scorpions
38%
14 Non Blondes
35%
1Eiffel 65
35%
1Westlife
35%
1Emilia
32%
1Fugees
32%
2The Offspring
32%
2The Prodigy
32%
1Puff Daddy og Faith Evans
30%
1Robert Miles
30%
1Snow
30%
12 Unlimited
27%
1Alannah Myles
27%
1Boyzone
27%
1Fools Garden
27%
1Beck
24%
2Enigma
24%
1Multicyde
24%
1Pras
24%
1The Connells
24%
1Wet Wet Wet
24%
1Bon Jovi
22%
1Morten Harket
22%
1Blümchen
19%
1Culture Beat
19%
1Faithless
19%
1Mr. Big
19%
1Ace of Base
16%
1Inner Circle
14%
1Maggie Reilly
14%
1Michael Learns to Rock
14%
1Paradisio
14%
1Run–D.M.C. vs. Jason Nevins
14%
1The Simpsons
14%
1Zucchero og Paul Young
14%
1Babylon Zoo
11%
1Savoy
11%
1U96
11%
1Freddie Mercury
8%
1Maria Mckee
8%
1The Kelly Family
8%
2Go-Go Gorilla
5%
1Ten Sharp
5%
1The Murmurs
5%
1En Vogue
3%
1Lisa Stansfield
3%
1The Rapsody
0%

Score Distribution

Percentile by Number Answered

Percent of People with Each Score

Your Score History

You have not taken this quiz